European Countries' Actual Names - Statistics

General Stats
  • This quiz has been taken 16 times
  • The average score is 7 of 15
Answer Stats
Hint Answer % Correct
Germany Deutschland
100%
Spain España
82%
Italy Italia
82%
Poland Polska
82%
Ireland Éire
55%
Netherlands Nederland
55%
Finland Suomi
55%
Norway Norge/Noreg
45%
Denmark Danmark
36%
Sweden Sverige
36%
Estonia Eesti
18%
Croatia Hrvatska
18%
Slovakia Slovensko
18%
Latvia Latvija
9%
Lithuania Lietuva
9%
No matching quizzes found
Score Distribution
Percent of People with Each Score
Percentile by Number Answered
Your Score History
You have not taken this quiz